Introduction to stochastic differential equations
Αποθηκεύτηκε σε:
| Κύριος συγγραφέας: | |
|---|---|
| Μορφή: | Βιβλίο |
| Γλώσσα: | English |
| Δημοσίευση: |
New York :
M. Dekker,
c1988
|
| Σειρά: | Monographs and textbooks in pure and applied mathematics ;
; 114 |
| Θέματα: | |
| Ετικέτες: |
Προσθήκη ετικέτας
Δεν υπάρχουν, Καταχωρήστε ετικέτα πρώτοι!
|
MARC
| LEADER | 00000cam a2200000 i 4500 | ||
|---|---|---|---|
| 001 | 1/52766 | ||
| 008 | 941103s1988 eng d | ||
| 020 | |a 082477776X | ||
| 035 | |l 10044515 | ||
| 035 | |a 1993 | ||
| 040 | |a GR-MY-UA |b gre |e aacr | ||
| 041 | 0 | |a eng | |
| 082 | 0 | |a 519.2 | |
| 100 | 1 | |a Gard, T. C. | |
| 245 | 1 | 0 | |a Introduction to stochastic differential equations / |c Thomas C. Gard |
| 260 | |a New York : |b M. Dekker, |c c1988 | ||
| 300 | |a xi, 234 p.; |c 24 cm | ||
| 490 | 1 | |a Pure and Applied Mathematics: A series of monographs and textbooks |v ; 114 | |
| 500 | |a Includes indexes | ||
| 504 | |a Bibliography: p. 219-225 | ||
| 650 | 0 | 0 | |a Stochastic differential equations. |
| 830 | 0 | |a Monographs and textbooks in pure and applied mathematics ; |v ; 114 | |
| 852 | |a INST |b SAMOS |e 19941103 |h 519.2 GAR |p 005300007803 |q 005300007803 |t BK |y 0 | ||
| 909 | |a Σ |b 030343 | ||